| 000 | 01347 a2200217 4500 | ||
|---|---|---|---|
| 001 | 30983 | ||
| 005 | 20260407155618.0 | ||
| 008 | 260407a2001 arg spa d | ||
| 003 | AR-UNSa-BCEJYS | ||
| 040 |
_aAR-UNSa-BCEJYS _bspa _cAR-UNSa-BCEJYS |
||
| 080 |
_a351 _xFunciones propias de la administración pública |
||
| 245 | 1 | 0 | _aManual de contabilidad estatal |
| 020 | _a950-14-1834-0 | ||
| 264 | 1 |
_aBuenos Aires : _bDepalma _c2001 |
|
| 300 |
_a168 p. _c23 cm. |
||
| 505 | _a1. El sistema contable, el presupuesto y la constitución Argentina - 2. Algunas disposiciones constitucionales vinculadas al sistema contable del estado - 3. El sector público nacional - 4. El presupuesto - 5. La ley de administración financiera - 6. La ejecución del presupuesto - 7. El sistema contable argentino - 8. Los contratos administrativos - 9. Los sistemas de control de la le de administración financiera - 10. Breves reflexiones sobre la inconstitucionalidad de la ley 24156, relativas al control de la hacienda pública - 11. El primer balance argentino - 12. Conclusiones, recomendaciones y despedida | ||
| 942 | _cBK | ||
| 590 | _aniveau_biblio:m niveau_hierar:0 | ||
| 100 | 1 | _aZaffaroni, Santiago Guillermo | |
| 856 | 4 | 1 |
_uhttps://biblioeco.unsa.edu.ar/pmb/images/libros/Manual de contabilidad estatal-l86795.jpg _yImagen de portada _qimage/jpeg |
| 999 |
_c2154 _d2154 |
||